| 000 | 00577nam a2200241Ia 4500 | ||
|---|---|---|---|
| 003 | OSt | ||
| 005 | 20220516121424.0 | ||
| 008 | 210210b2019 xxu||||| |||| 00| 0 eng d | ||
| 040 |
_aAL _b _c |
||
| 041 | _aeng | ||
| 082 | _a657.46 RAOB | ||
| 100 |
_aRAO (K Sadashiva) _937255 |
||
| 245 | _aBusiness taxation IV 2019-20 | ||
| 250 | _a21 Rev. | ||
| 260 |
_aUdupi _bSushrutha Books _c2019 |
||
| 300 | _a300 | ||
| 650 |
_ataxation _937256 |
||
| 650 |
_aGST _937257 |
||
| 690 |
_aIncome Tax _937258 |
||
| 700 |
_aGANESH (Y) _937259 |
||
| 906 | _a073819 | ||
| 942 |
_2ddc _cBK |
||
| 999 |
_c123565 _d123565 |
||